Normal view
MARC view
- Anson, George Anson
Entry Personal Name
001 - CONTROL NUMBER
- control field: 49754
003 - CONTROL NUMBER IDENTIFIER
- control field: NUST
005 - DATE AND TIME OF LATEST TRANSACTION
- control field: 20210314134429.0
008 - FIXED-LENGTH DATA ELEMENTS
- fixed length control field: 210314|| aca||aabn | a|a d
040 ## - CATALOGING SOURCE
- Original cataloging agency: NUST
- Transcribing agency: NUST
100 ## - HEADING--PERSONAL NAME
- Personal name: Anson, George Anson
670 ## - SOURCE DATA FOUND
- Source citation: Work cat.: (NUST): Walter, Richard, 49752, Anson's voyage round the world,, 1928.
